Metallurgija redkich matallov. Poroškovaja metallurgija

Enregistré dans:
Détails bibliographiques
Format: Livre
Publié: Moskva : Metallurgija, 1987
Tags: Ajouter un tag
Pas de tags, Soyez le premier à ajouter un tag!

MARC

LEADER 00000nam a22000003a 4500
001 stu15184
005 20141122085842.6
008 ------s1987----xxr---------------------d
040 |a STU  |b slo 
041 0
044 |a xxr 
080 |a 669.21.8 
245 |a Metallurgija redkich matallov. Poroškovaja metallurgija 
260 |a Moskva :  |b Metallurgija,  |c 1987 
300 |a 144 s :  |b Obr.,tab.,grafy,lit 
996 |b C79690  |c C*79690  |l CCVI  |s P  |a 0  |w stu15184_0001